000 00752nam a2200193Ia 4500
008 151121s9999||||xx |||||||||||||| ||und||
082 _a781/गर्ग
082 _bHNW-58567
100 _aगर्ग बाळकृष्ण-गर्ग मुकेश
245 _aसंगीत परिक्षा
260 _b"संगीत कार्यालय, हाथरस,उत्तरप्रदेश"
260 _c--
300 _a206
600 _aगर्ग बाळकृष्ण-गर्ग मुकेश
630 _aसंगीत परिक्षा
700 _aगर्ग बाळकृष्ण-गर्ग मुकेश
730 _aसंगीत परिक्षा
942 _cBOOK
999 _c1240376
_d1240373